| 000 | 00472nam a2200181Ia 4500 | ||
|---|---|---|---|
| 008 | 240925s9999 xx 000 0 und d | ||
| 020 | _a28018532 | ||
| 082 | _a621.3815 TOK | ||
| 100 | _aTokheim ,Ruoger L. | ||
| 245 | 0 | _aDigital Electronics | |
| 250 | _a4th | ||
| 260 |
_aCalifornia: _bBrooks/Cole Cengagae Learning _c,1990. |
||
| 300 |
_axi,345p. _bNA _fPirated |
||
| 500 | _aIncludes Index | ||
| 600 | _aEngineering Technology | ||
| 650 | _aTechnology | ||
| 942 | _cBK | ||
| 999 |
_c2510 _d2510 |
||